| 000 | 01014cam a22002897a 4500 | ||
|---|---|---|---|
| 003 | CHAP | ||
| 005 | 20220329134129.0 | ||
| 008 | 971013s1939 mx a r 00010 spa d | ||
| 010 | _a15875 | ||
| 011 | _a16847 | ||
| 035 | _a20929 | ||
| 040 | _cCHAP | ||
| 082 |
_a333.09721 _bG8 |
||
| 100 | 0 | 0 |
_aGuerra Cepeda, Roberto. _951118 |
| 245 | 1 | 3 |
_aEl ejido colectivizado en la Comarca Lagunera _c/por Roberto Guerra Cepeda |
| 260 |
_aMéxico, D.F., : _bBanco Nacional de Crédito Ejidal, _c1939 |
||
| 300 |
_a190 p. _b: ilus |
||
| 590 |
_aBATCH-UPD _b10 _c20130110 _lUCH01 _h0132 |
||
| 590 |
_aBATCH-UPD _b10 _c20130110 _lUCH01 _h2154 |
||
| 590 |
_aCONVERSION _b10 _c20130109 _lUCH01 _h1310 |
||
| 650 | 1 | 4 |
_aAgricultura cooperativa _xComarca Lagunera. _91961 |
| 650 | 1 | 4 |
_aTierras _xTenencia _xComarca Lagunera. _9113154 |
| 901 | _aBK | ||
| 942 | _cLIBRO | ||
| 949 |
_a333.09721 G8 _bBC _cLIBRO _d33724000327847 _eLIBRO _h46544 _i20929 _si |
||
| 949 |
_a333.09721 G8 _bBC _cLIBRO _d33724002119248 _eLIBRO _fc.2 _gI.c/e _h111387 _i20929 _sb |
||
| 999 |
_c15875 _d15875 |
||